JoJo's Bizarre Adventure All Characters - Statistics

General Stats
  • This quiz has been taken 1,514 times
    235 since last reset
  • The average score is 78 of 459
Answer Stats
Answer % Correct
Dio Brando
94%
Jonathan Joestar
94%
Joseph Joestar
82%
George Joestar
78%
Jotaro Kujo
76%
Robert E. O. Speedwagon
76%
Josuke
73%
Josuke Higashikata
73%
Erina Pendleton
72%
Muhammad Avdol
70%
Noriaki Kakyoin
70%
Jean Pierre Polnareff
69%
Kars
68%
Caesar Anthonio Zeppeli
66%
Iggy
66%
Lisa Lisa
65%
Merlai Anne
64%
Wamuu
63%
Dario
61%
Dario Brando
61%
Esidisi
59%
Jolyne Cujoh
58%
Koichi Hirose
58%
Will Pendleton
58%
Fritz von Stroheim
57%
Giorno Giovanna
57%
Rudol von Stroheim
57%
Diego Brando
55%
Diego Brando (AU)
55%
Okuyasu Nijimura
54%
Holy Joestar-Kira
53%
Holy Kujo
53%
Hol Horse
52%
Yoshikage Kira
52%
Straizo
51%
Johnny Joestar
50%
Pannacotta Fugo
50%
Smokey Brown
50%
Diavolo
49%
Guido Mista
49%
Narancia Ghirga
49%
Danny
48%
Santana
48%
Suzi Q
48%
Trish Una
47%
Weather Report
47%
Gyro Zeppeli
46%
Boingo
44%
Enrico Pucci
44%
Kei Nijimura
44%
Oingo
44%
Poco
44%
Rohan Kishibe
44%
Rohan Kishibe (TJL)
44%
Bruno Bucciarati
42%
Enya Geil
42%
Jack the Ripper
42%
Vanilla Ice
42%
Emporio Alnino
41%
Foo Fighters
41%
George Joestar II
41%
Bruford
40%
Ermes Costello
39%
Keicho Nijimura
39%
Leone Abbacchio
39%
Vinegar Doppio
39%
Mary Joestar
38%
Mary Pendleton
38%
Tarkus
38%
Risotto Nero
37%
Captain Valentine
36%
Pet Shop
36%
Tom Pendleton
36%
Anubis
35%
Hayato Kawajiri
35%
Mariah
35%
Narciso Anasui
35%
Shigekiyo Yangu
35%
Polpo
34%
Shigechi
34%
Pesci
33%
Reimi Sugimoto
33%
Anjuro Katagiri
32%
Dire
32%
Funny Valentine
32%
Aki Mochizuki
30%
Akira
30%
J. Geil
30%
Jodio Joestar
30%
N'Doul
30%
Steely Dan
30%
Telence T. D'Arby
30%
Tomoko Higashikata
30%
Yukako Yamagishi
30%
Alessi
29%
Daniel J. D'Arby
29%
Gwess
29%
Lucy Steel
29%
Melone
28%
Prosciutto
28%
Mario Zeppeli
27%
Pocoloco
27%
Secco
27%
Suzi Q
27%
Tonio Trussardi
27%
Tonpetty
26%
Toru
26%
Cioccolata
25%
Luca
25%
Steven Steel
25%
Ungalo
25%
Aya Tsuji
24%
Jesus
24%
Joshu Higashikata
24%
Sandman
24%
Squalo
24%
Will Anthonio Zeppeli
24%
Yuya Fungami
24%
Formaggio
23%
Ghiaccio
23%
Hot Pants
23%
Rikiel
23%
Sorbet
23%
Coco Jumbo
22%
Donatello Versus
22%
Gelato
22%
Illuso
22%
Sadao Kujo
22%
Arabia Fats
21%
Elizabeth Joestar
21%
Forever
21%
Green Baby
21%
Kosaku Kawajiri
21%
Toshikazu Hazamada
21%
Yoshihiro Kira
21%
Devo the Cursed
20%
Gray Fly
20%
Irene
20%
Mannish Boy
20%
Mark
20%
Nena
20%
Tama
20%
Wang Chan
20%
Carne
19%
Ringo Roadagain
19%
Tizzano
19%
Captain Tennille
18%
Chérie Polnareff
18%
Dragona Joestar
18%
Impostor Captain Tennille
18%
Kenny G.
18%
Messina
18%
Romeo Jisso
18%
Rubber Soul
18%
Valkyrie
18%
Yasuho Hirose
18%
ZZ
18%
Arnold
17%
Shizuka Joestar
17%
Sports Maxx
17%
Bug-Eaten
16%
Cameo
16%
Josefumi Kujo
16%
L.A. Boomboom
16%
Leo
16%
Loggins
16%
Mario Zucchero
16%
Midler
16%
Mountain Tim
16%
Shinobu Kawajiri
16%
Chaka
15%
Mikitaka Hazekura
15%
Perla Pucci
15%
Sale
15%
Scolippi
15%
Slow Dancer
15%
Sugar Mountain
15%
Thunder McQueen
15%
Blackmore
14%
Nicholas Joestar
14%
Johngalli A.
13%
Miraschon
13%
Paco Laburantes
13%
Usagi Alohaoe
13%
Wekapipo
13%
Akira Otoishi
12%
Anakiss
12%
Cronin
12%
Daiya Higashikata
12%
Doobie
12%
Gloria Costello
12%
Kenzou
12%
Marco
12%
Miuccia Miuller
12%
Oyecomova
12%
Police
12%
Scarlet Valentine
12%
Silver Bullet
12%
Tamami Kobayashi
12%
Viviano Westwood
12%
Andre Boomboom
11%
D-I-S-C-O
11%
Jobin Higashikata
11%
Not Bug-Eaten
11%
Adam Pendleton
10%
Axl Ro
10%
Charming Man
10%
Dr. Ferdinand
10%
Magent Magent
10%
Mu
10%
Norisuke Higashikata I
10%
Nukesaku
10%
Pork Pie Hat Kid
10%
Roses
10%
Tsurugi Higashikata
10%
Cabbage
9%
D an G
9%
Donatella Una
9%
Elizabeth I
9%
Father Styx
9%
Kanye
9%
Khan
9%
Pericolo
9%
Rina Higashikata
9%
Ryohei Higashikata
9%
Adams
8%
Donovan
8%
Eleven Men
8%
Guccio
8%
Hato Higashikata
8%
Jones
8%
Lang Rangler
8%
Michael
8%
Mike
8%
Norisuke Higashikata IV
8%
Plant
8%
Stark
8%
Urmd Avdul
8%
Anne Joestar
7%
Atroe
7%
Ayana Hirose
7%
Benjamin Boomboom
7%
Dododo De Dadada
7%
Dot Han
7%
Hacca Howler
7%
Mary Stuart
7%
Mitsu Mochizuki
7%
Mrs. Robinson
7%
Obladi Oblada
7%
Page
7%
Prince
7%
Savage Garden
7%
Teru Higashikata
7%
Terunosuke Miyamoto
7%
Wired Beck
7%
#1
6%
Amato
6%
Archer
6%
Bornnam
6%
Kaato Higashikata
6%
Loccobarocco
6%
Wu Tomoki
6%
Barbara Ann Joestar
5%
Black Rose
5%
Buchi
5%
Gregorio Zeppeli
5%
Johei Higashikata
5%
Ken Oyanagi
5%
Lionel
5%
Lulu
5%
Malèna
5%
Masazo Kinoto
5%
Mike O.
5%
Mitsuba Higashikata
5%
Poor Tom
5%
Toyohiro Kanedaichi
5%
Baba Yaga
4%
Bobby Jean
4%
Dolomite
4%
Doremifasolati Do
4%
Eijkman
4%
Gaucho
4%
George Joestar III
4%
Hey! Ya!
4%
Iwasuke
4%
Josho Higashikata
4%
Karera Sakunami
4%
Key West
4%
Mai Katahira
4%
Mina
4%
Ningbo
4%
Rai Mamezuku
4%
Reiko
4%
Tamaki Damo
4%
Winzaleo
4%
Caineghis
3%
Caravan Serai
3%
Chibi
3%
David
3%
Ghost Rider in the Sky
3%
Harry
3%
Laem Chabang
3%
Meryl Mei Qi
3%
Pocky
3%
Put Back
3%
Sophie White
3%
Tory Alohaoe
3%
Urban Guerrilla
3%
Wonder of U
3%
Yotsuyu Yagiyama
3%
Aisho Dainenjiyama
2%
Akemi
2%
Alison Alohaoe
2%
A. Phex Elder Twin
2%
A. Phex Younger Twin
2%
Bruto
2%
Congressman White
2%
Darnley
2%
Dr. Elliot
2%
Garie Moor
2%
Georgie Porgie
2%
Gets Up
2%
Jeff Buck
2%
Junko
2%
Liza Pendleton
2%
Mark Watkin
2%
Minako Okura
2%
Nellyville
2%
Peg
2%
Radio Gaga
2%
Rio
2%
Satoru Akefu
2%
Sonia
2%
Stephen Moor
2%
Tatsuhiko
2%
Wes Bluemarine
2%
Wild Cat Size
2%
Wilson Philips
2%
Yoshie
2%
Yoshiteru Kira
2%
Zenyatta Mondatta
2%
Bakin
1%
Bakin (TJL)
1%
Baron Rippi
1%
Baron Roocatugo
1%
Billy White
1%
Catch a Wave
1%
Charles Pendleton
1%
Christian Vander
1%
Country Grammar
1%
Crosstown Traffic
1%
Dan Hammer
1%
David Hagen
1%
Dixie Chicken
1%
Doctor Roberts
1%
El Condor Pasa
1%
Emma
1%
Europe Express
1%
Eve
1%
Foxy Lady
1%
Gonta
1%
Gunpei Kamafusa
1%
Hono
1%
Ichiro
1%
Ichiro Morishita
1%
Iglesias
1%
Kayo Mochizuki
1%
Kiyomi Kujo
1%
Latrato
1%
Little Wing
1%
Love Unlimited
1%
Mack the Knife
1%
Mark Becker
1%
Masaji
1%
Mauka
1%
Mika
1%
Miko
1%
Mister
1%
Monica Ultello
1%
Moon Flower
1%
Naoko Osato
1%
Natalie
1%
Nightfly
1%
Nut Rocker
1%
Ojiro Sasame
1%
Paul Lukather
1%
Pi-chan
1%
Ramblin' Man
1%
Rocky
1%
Rotters Club
1%
Roxanne
1%
Sadafumi Kujo
1%
Sae Mochizuki
1%
Satoru Nakae
1%
Shozo Mayama
1%
Sloop John B
1%
Soa
1%
Sonny Likir
1%
Suzuyo Hirose
1%
Toyoko Higashikata
1%
Yamato Mochizuki
1%
Yokohama
1%
Yoshioka
1%
Akiko Mochizuki
0%
Alice Pendleton
0%
Atsunori Iwakiri
0%
Cindy
0%
Haruko Mochizuki
0%
Herzberg
0%
Hiroshi Yoshimura
0%
Honma
0%
Ikkyu
0%
Kenichi
0%
Kentaro Mochizuki
0%
Kimura
0%
Kyoka Izumi
0%
Lizzie Pendleton
0%
Maako Kitani
0%
Mamoru Mochizuki
0%
Mao Katahira
0%
Mika Hayamura
0%
Minayo
0%
Minoru Kaigamori
0%
Miss Jones
0%
Mitsuki Murase
0%
Miwa Mochizuki
0%
Monte Brutto
0%
Muneyuki
0%
Noboru Mochizuki
0%
Numakura
0%
Nyanko
0%
Obanazawa
0%
Onodera
0%
Rena Nanami
0%
Sakuzo Mochizuki
0%
Sawaki
0%
Seizo Mochizuki
0%
Shuichi
0%
Silas Pendleton
0%
Takeru Mochizuki
0%
Taoka
0%
Tomoya
0%
Tsukiji Mochizuki
0%
Vergina
0%
Yabubako-Hoshi
0%
Yoma Hashimoto
0%
Yonemori
0%
Yoshigoro Mochizuki
0%
Yoshimura
0%
Zaihei Nigatake
0%
No matching quizzes found
Score Distribution
Percent of People with Each Score
Percentile by Number Answered
Your Score History
You have not taken this quiz since the last reset